John Cumiskey papers, (Record no. 44895)
[ view plain ]
| 000 -LEADER | |
|---|---|
| fixed length control field | 02022cpcaa2200373 i 4500 |
| 001 - CONTROL NUMBER | |
| control field | mm2012085765 |
| 003 - CONTROL NUMBER IDENTIFIER | |
| control field | DLC |
| 005 - DATE AND TIME OF LATEST TRANSACTION | |
| control field | 20260227111733.0 |
| 008 - FIXED-LENGTH DATA ELEMENTS--GENERAL INFORMATION | |
| fixed length control field | 121107|||||||||||| eng |
| 010 ## - LIBRARY OF CONGRESS CONTROL NUMBER | |
| LC control number | mm2012085765 |
| 040 ## - CATALOGING SOURCE | |
| Original cataloging agency | DLC |
| Language of cataloging | eng |
| Description conventions | dacs |
| Transcribing agency | DLC |
| Modifying agency | DLC |
| 072 #7 - SUBJECT CATEGORY CODE | |
| Subject category code | W |
| Source | lcmd |
| 100 1# - MAIN ENTRY--PERSONAL NAME | |
| Personal name | Cumiskey, John, |
| Dates associated with a name | approximately 1828-1863. |
| 245 00 - TITLE STATEMENT | |
| Title | John Cumiskey papers, |
| Inclusive dates | 1854-circa 1925 |
| Bulk dates | (bulk 1854-1867). |
| 300 ## - PHYSICAL DESCRIPTION | |
| Extent | 20 |
| Type of unit | items. |
| 506 0# - RESTRICTIONS ON ACCESS NOTE | |
| Terms governing access | Open to research. |
| 520 8# - SUMMARY, ETC. | |
| Summary, etc. | AlsS written by Cumiskey to his wife, Rose Cumiskey, during his Civil War service with Company I, 17th Connecticut Infantry Regiment. Cumiskey describes conditions and activities of his company in Baltimore, Md., Washington, D.C., and Virginia prior to his death in 1862. Includes correspondence relating to Cumiskey's death, burial in 1863, and eligibility for pension; typewritten transcripts of several letters; an 1854 letter informing Cumiskey of his mother's death; a tintype of Cumiskey in uniform, circa Sept. 1862; and a newspaper clipping (circa 1925). |
| 545 0# - BIOGRAPHICAL OR HISTORICAL DATA | |
| Biographical or historical data | Union Army soldier and farmer of Greenwich, Conn. |
| 546 ## - LANGUAGE NOTE | |
| Language note | Collection material in English. |
| 580 ## - LINKING ENTRY COMPLEXITY NOTE | |
| Linking entry complexity note | Forms part of: Miscellaneous Manuscripts collection. |
| 600 10 - SUBJECT ADDED ENTRY--PERSONAL NAME | |
| Personal name | Cumiskey, Rose |
| Form subdivision | Correspondence. |
| 610 10 - SUBJECT ADDED ENTRY--CORPORATE NAME | |
| Corporate name or jurisdiction name as entry element | United States. |
| Subordinate unit | Army |
| General subdivision | Military life. |
| 610 10 - SUBJECT ADDED ENTRY--CORPORATE NAME | |
| Corporate name or jurisdiction name as entry element | United States. |
| Subordinate unit | Army. |
| -- | Connecticut Infantry Regiment, 17th (1862-1865). |
| -- | Company I. |
| 651 #0 - SUBJECT ADDED ENTRY--GEOGRAPHIC NAME | |
| Geographic name | Baltimore (Md.) |
| General subdivision | History |
| Chronological subdivision | Civil War, 1861-1865. |
| 651 #0 - SUBJECT ADDED ENTRY--GEOGRAPHIC NAME | |
| Geographic name | Connecticut |
| General subdivision | History |
| Chronological subdivision | Civil War, 1861-1865. |
| 651 #0 - SUBJECT ADDED ENTRY--GEOGRAPHIC NAME | |
| Geographic name | Maryland |
| General subdivision | History |
| Chronological subdivision | Civil War, 1861-1865. |
| 651 #0 - SUBJECT ADDED ENTRY--GEOGRAPHIC NAME | |
| Geographic name | United States |
| General subdivision | History |
| Chronological subdivision | Civil War, 1861-1865. |
| 651 #0 - SUBJECT ADDED ENTRY--GEOGRAPHIC NAME | |
| Geographic name | Virginia |
| General subdivision | History |
| Chronological subdivision | Civil War, 1861-1865. |
| 651 #0 - SUBJECT ADDED ENTRY--GEOGRAPHIC NAME | |
| Geographic name | Washington (D.C.) |
| General subdivision | History |
| Chronological subdivision | Civil War, 1861-1865. |
| 656 #7 - INDEX TERM--OCCUPATION | |
| Occupation | Farmers. |
| Source of term | itoamc |
| 656 #7 - INDEX TERM--OCCUPATION | |
| Occupation | Soldiers. |
| Source of term | itoamc |
No items available.